000 00635nam a22002537a 4500
003 UA-OsUOA
001 23813
007 ta
008 20040129b un ||||| |||| 00| 0 ukr d
100 _aХолод В.В.
090 _a32(075.8)
_bХ73
942 _cBK
040 _aUA-OsUOA
_bukr
_cUA-OsUOA
_dUA-OsUOA
245 _aПолітологія.
_bНавчальний посібник.
300 _a407 с.
955 _a0
041 _aukr
080 _a32(075.8)
020 _a966-7550-30-3
260 _aСуми
_b"Університетська книга"
_c2001
044 _aUA
650 7 _2UDC
999 _c310072
_d310072